Statistics for Ariana Grande - ghostin (lyrics)

Click here to take the quiz!

General Stats

  • This quiz has been taken 462 times
  • The average score is 202 of 230

Answer Stats

Answer% Correct
I
100%
A
99%
You,
99%
You)
99%
You
99%
He
98%
It
98%
Me
98%
To
98%
When
98%
Cry
97%
Hear
97%
In
97%
Know
97%
Your
96%
Night
95%
The
95%
This
95%
(This
95%
This,
95%
That
94%
We
94%
And
93%
(And
93%
Try
93%
Hold
92%
I'm
92%
We'll
91%
Well
91%
Been
90%
Ever
90%
Ghostin'
90%
Next
90%
Of
90%
Sleepin'
90%
Breaks
89%
But
89%
Do
89%
Heart
89%
Him
89%
Him,
89%
So
89%
Then)
89%
Then
89%
Through
89%
Through)
89%
Again
88%
Get
88%
Lot
88%
With
88%
(With
88%
Girl
87%
Past
87%
Time
87%
Time)
87%
Don't
86%
Good
86%
It's
86%
Over
86%
At
85%
Baby,
85%
Hurts
85%
Instead
85%
Love
85%
Need
85%
Want
85%
Were
85%
Whole
85%
'Cause
84%
Every
84%
Should
84%
You're
84%
Baggage
83%
Baggage,
83%
Look
83%
Myself
83%
Understanding,
83%
Admit
82%
Hating
82%
Anybody
81%
Arms
81%
Else
81%
If
80%
More
80%
Puttin'
80%
Than
80%
All
79%
Visit
79%
We've
79%
Comes
78%
Dreaming
78%
From
78%
(From
78%
Here
78%
Just
78%
Head
77%
Hell)
77%
Hell
77%
Now
77%
Yeah
77%
Day
76%
Probably
75%
After
74%
Cards
74%
Dealt
74%
Last
74%
'Stead
74%
Living
73%
Wish
73%
Wouldn't
73%
Parade
72%
Tear's
72%
Rain
71%
One
70%
Much
69%
There's
67%
Was
65%
What
65%
Bed
63%
Forward
63%
While
62%
Said
60%
Though
60%
Done
59%
Leave
59%
Mmh
35%

Score Distribution

Percentile by Number Answered

Percent of People with Each Score

Your Score History

You have not taken this quiz